Controversia sobre la intencionalidad del comportamiento / (Record no. 180136)

MARC details
000 -LEADER
campo de control de longitud fija 01246nam a2200253 i 4500
001 - NÚMERO DE CONTROL
campo de control 180136
003 - IDENTIFICADOR DE NÚMERO DE CONTROL
campo de control ES-MaACL
005 - FECHA Y HORA DE LA ÚLTIMA TRANSACCIÓN
campo de control 20251220171943.0
008 - DATOS DE LONGITUD FIJA--INFORMACIÓN GENERAL
campo de control de longitud fija 120423s1955 mx |||| | spa d
080 ## - NÚMERO DE LA CLASIFICACIÓN DECIMAL UNIVERSAL
Número de la Clasificación Decimal Universal 124.3
100 1# - ENTRADA PRINCIPAL--NOMBRE DE PERSONA
Nombre de persona Taylor, Richard,
Fechas asociadas al nombre 1919-2003
9 (RLIN) 149859
245 10 - MENCIÓN DEL TÍTULO
Título Controversia sobre la intencionalidad del comportamiento /
Mención de responsabilidad, etc. Richard Taylor, Arturo Rosenblueth, Norbert Wiener.
260 ## - PUBLICACIÓN, DISTRIBUCIÓN, ETC.
Lugar de publicación, distribución, etc. México :
Nombre del editor, distribuidor, etc. Universidad Nacional de México,
Fecha de publicación, distribución, etc. 1955.
300 ## - DESCRIPCIÓN FÍSICA
Extensión 30 p. ;
Dimensiones 22 cm.
490 1# - MENCIÓN DE SERIE
Mención de serie Seminario de Problemas Científicos y Filosóficos. Suplementos ;
Designación de volumen o secuencia 2
505 8# - NOTA DE CONTENIDO CON FORMATO
Nota de contenido con formato Contiene: ;
Título Comentarios sobre una concepción mecanicista de la intencionalidad /
Mención de responsabilidad R. Taylor. --
Título Comportamiento intencional y comportamiento inintencional /
Mención de responsabilidad A. Rosenblueth y N. Wiener. --
Título Comportamiento intencional y comportamiento inintencional : una contrarréplica /
Mención de responsabilidad R. Taylor
650 04 - PUNTO DE ACCESO ADICIONAL DE MATERIA--TÉRMINO DE MATERIA
Término de materia o nombre geográfico como elemento de entrada Intencionalidad (Filosofía)
9 (RLIN) 13866
700 1# - ENTRADA AGREGADA--NOMBRE PERSONAL
Nombre de persona Rosenblueth, Arturo.
9 (RLIN) 149860
700 1# - ENTRADA AGREGADA--NOMBRE PERSONAL
Nombre de persona Wiener, Norbert.
9 (RLIN) 116771
710 2# - ENTRADA AGREGADA--NOMBRE DE ENTIDAD CORPORATIVA
Nombre de entidad corporativa o nombre de jurisdicción como elemento de entrada Universidad Nacional Autónoma de México.
9 (RLIN) 7397
830 0# - PUNTO DE ACCESO ADICIONAL DE SERIE-TÍTULO UNIFORME
Título uniforme Seminario de Problemas Científicos y Filosóficos. Suplementos
Designación de volumen o secuencia 2
9 (RLIN) 190619
852 ## - LOCALIZACIÓN
Ubicación ES-MaACL
Número de control de estantería 2297-F-1
Holdings
Estatus retirado Estado de pérdida Estado de daño No para préstamo Colección Biblioteca de origen Biblioteca actual Ubicación en estantería Fecha de adquisición Fuente de adquisición Total de préstamos Signatura topográfica completa Código de barras Visto por última vez Precio de reemplazo Tipo de ítem Koha
        Colección de folletos Biblioteca del Ateneo de Madrid Biblioteca del Ateneo de Madrid Depósito folletos 23/04/2012     2297-F-1 1189273 23/02/2023 23/02/2023 Folleto